00559nam a2200181Ia 4500003000900000008004100009020002200050040001600072080002800088100002000116245007300136260005300209300001000262650002000272650003100292650002800323700002600351IN-BaIIA211028s9999 xx 000 0 eng d a978-1-938228-80-3 cIIA Library a(084.4)"20":523.34bWOO aWood, Charles A 0a21st century atlas of the mooncCharles A. Wood and M. J. S. Collins aMorgantownbWest Virginia University Pressc2013 a111p. aMoon -- Atlases aMoon -- Observers' manuals aMoon -- Pictorial works aCollins, Maurice J. S